000 00670nam a2200289Ia 4500
005 20260324112026.0
008 008 260324s9999 xx 000 0 eng d
020 _a9781032632995
037 _aEBOOK
040 _aCRL
040 _beng
040 _cCRL
041 _2eng
041 _aeng
084 _qCRL
100 _aPeter J. Howland
_91140993
245 0 _aTime and Alcohol
245 0 _bIt’s Five O’Clock Somewhere!
260 _bTaylor and Francis
260 _c2025
365 _a
365 _b230
856 _uhttp://www.taylorfrancis.com/books/9781032632995
942 _cEBOOK
999 _c1730028
_d1730028